000 00684cab a2200241 4500
001 ABS52100
008 090401t1995 xxu||||| |||| 00| 0 eng d
035 _a(Sirsi) u60646
041 _aeng
100 _aCulley, G.
245 _aMilestone on the nature trail
260 _c1995
350 _a0
490 _aPlanning Week
_v3(3) 19 January 1995, 16-17(2)
520 _aReviews PPG9 on nature conservation and its effect on previous legislation.
650 _aDOE CIRCULAR 27/1987
650 _aEC HABITATS AND SPECIES DIRECTIVE
650 _aPPG9
650 _aTOWN AND COUNTRY PLANNING ACT 1990 S54A
690 _aCONSERVATION
942 _n0
948 _c04/03/1997
999 _c37451
_d37451